Trh - ATESTT. Transformácia a reforma hospodárstva, harmonizácia s EÚ - analýza tovarových, ekonomických a sociálnych dôsledkov na trh tovarov záverečná správa za celú dobu riešenia projektu VEGA č. 1/2635/05 : doba riešenia od 01/2005 do 12/2007

Salvato in:
Dettagli Bibliografici
Autore principale: Strhan, Rastislav, 1968-
Altri autori: Košútová, Tatiana, 1962-, Kollár, Vojtech, Hlôška, Branislav, Karkalíková, Marta, Lacková, Alica, Mlákay, Jozef, Roman, Emil, Bocanová, Mária, Kristová, Ľudmila, Mišún, Ľuboš, Knošková, Ľubica, 1965-, Kačeňák, Igor, Jurkovičová, Lujza, Mikulová, Vierka, Janech, Juraj, Brna, Radoslav, Teťáková, Jana, Jursová, Alexandra, Kajánková, Katarína, Szakalová, Zora, 1961-2024
Natura: Libro
Lingua:slovacco
Pubblicazione: Bratislava 2007
Edizione:1. vyd.
Soggetti:
Tags: Aggiungi Tag
Nessun Tag, puoi essere il primo ad aggiungerne!!

MARC

LEADER 00000nam a2200000 4500
001 0219554
005 20240506134426.9
041 0 |a slo 
044 |a SK 
245 1 0 |a Trh - ATESTT. Transformácia a reforma hospodárstva, harmonizácia s EÚ - analýza tovarových, ekonomických a sociálnych dôsledkov na trh tovarov  |b záverečná správa za celú dobu riešenia projektu VEGA č. 1/2635/05 : doba riešenia od 01/2005 do 12/2007  |c vedúci projektu: Rastislav Strhan, spoluriešitelia: Tatiana Košútová ... [et al.] 
250 |a 1. vyd. 
264 1 |a Bratislava  |c 2007 
300 |a [16 s.] 
610 2 0 |a trh 
610 2 0 |a trh tovarový 
610 2 0 |a transformácia 
610 2 0 |a reformy hospodárske 
610 2 0 |a harmonizácia 
610 2 0 |a Európska únia 
100 1 |a Strhan, Rastislav, 1968- 
700 1 |a Košútová, Tatiana, 1962- 
700 1 |a Kollár, Vojtech 
700 1 |a Hlôška, Branislav 
700 1 |a Karkalíková, Marta 
700 1 |a Lacková, Alica 
700 1 |a Mlákay, Jozef 
700 1 |a Roman, Emil 
700 1 |a Bocanová, Mária 
700 1 |a Kristová, Ľudmila 
700 1 |a Mišún, Ľuboš 
700 1 |a Knošková, Ľubica, 1965- 
700 1 |a Kačeňák, Igor 
700 1 |a Jurkovičová, Lujza 
700 1 |a Mikulová, Vierka 
700 1 |a Janech, Juraj 
700 1 |a Brna, Radoslav 
700 1 |a Teťáková, Jana 
700 1 |a Jursová, Alexandra 
700 1 |a Kajánková, Katarína 
700 1 |a Szakalová, Zora, 1961-2024